Catálogo
 En Linea

Los colores de la vida / (Registro nro. 9902)

Detalles MARC
000 -CABECERA
campo de control de longitud fija 00613nam a2200181 a 4500
001 - NÚMERO DE CONTROL
campo de control 000010143
005 - FECHA Y HORA DE LA ÚLTIMA TRANSACCIÓN
campo de control 20200929161850.0
008 - DATOS DE LONGITUD FIJA--INFORMACIÓN GENERAL
campo de control de longitud fija 091005s1996 dr acg 001 0 spa d
040 ## - FUENTE DE LA CATALOGACIÓN
Centro catalogador/agencia de origen DO-SdBNP
082 ## - NÚMERO DE LA CLASIFICACIÓN DECIMAL DEWEY
Número de clasificación xxxx
Número de documento/Ítem L788c
049 ## - FONDOS LOCALES (OCLC)
Fondos de biblioteca BNPD
100 1# - ENTRADA PRINCIPAL--NOMBRE DE PERSONA
Nombre de persona Livios Grullón, Francis
9 (RLIN) 25136
245 14 - MENCIÓN DE TÍTULO
Título Los colores de la vida /
Mención de responsabilidad, etc. Francis Livios Grullón ; prólogo Ángel Concepción Lajara.
260 ## - PUBLICACIÓN, DISTRIBUCIÓN, ETC.
Lugar de publicación, distribución, etc. Santo Domingo :
-- Alfa & Omega,
Fecha de publicación, distribución, etc. 1996.
300 ## - DESCRIPCIÓN FÍSICA
Extensión 234 p. :
Otras características físicas il., mús., retrs.
500 ## - NOTA GENERAL
Nota general Incluye datos biográficos del autor en la contracubierta
700 1# - PUNTO DE ACCESO ADICIONAL--NOMBRE DE PERSONA
Nombre de persona Cocepción Lajara, Ángel
Término indicativo de función/relación pról.
9 (RLIN) 25137
Existencias
Estado de retiro Estado de pérdida Restricciones de uso No para préstamo Código de colección Localización permanente Ubicación/localización actual Ubicación en estantería Fecha de adquisición Número de inventario Total de préstamos Signatura topográfica completa Código de barras Fecha visto por última vez Número de copia Precio válido a partir de Tipo de ítem Koha
    Préstamo interno   Dominicana de Servicio General General En catalogación 05.10.2009 LF1   xxxx L788c 10143-30 25.06.2020 e. 3 25.06.2020 Libro y Folleto Colección Dominicana de Servicio
      Excluido de préstamo Patrimonio Dominicano Patrimonio Dominicano Patrimonio Dominicano En catalogación 05.10.2009 LF1   xxxx L788c 10143-10 25.06.2020 e. 2 25.06.2020 Libro y Folleto Colección Patrimonio Dominicano
      Excluido de préstamo Patrimonio Dominicano Patrimonio Dominicano Patrimonio Dominicano En catalogación 05.10.2009 LF1   xxxx L788c 10143-20 25.06.2020   25.06.2020 Libro y Folleto Colección Patrimonio Dominicano

Con tecnología Koha